| 000 | 00701nam a2200241Ia 4500 | ||
|---|---|---|---|
| 003 | OSt | ||
| 005 | 20220925184546.0 | ||
| 006 | a|||||r|||| 00| 0 | ||
| 007 | ta | ||
| 008 | 220923b |||||||| |||| 00| 0 eng d | ||
| 037 | _cGeneral Book | ||
| 040 |
_aRTL _cRTL _beng |
||
| 041 |
_2eng _aeng |
||
| 082 | _aV23752,1y7L83, L2 | ||
| 100 |
_aSharma Padmaja _9106215 |
||
| 245 | 0 | _aMaharaja Man SIngh of Jodhpur and his times, 1803- | |
| 260 |
_aAgra _bShiva Lal Agarwala _c1972 |
||
| 300 |
_axv, 304p _ccm. |
||
| 500 | _aBibliography: P 298-304 | ||
| 650 | _aHistory of Rajasthan | ||
| 942 |
_hV23752,1y7L83, L2 _cGB _2CC |
||
| 999 |
_c508118 _d508118 |
||